Statistics for Animals that kill humans

Click here to take the quiz!

General Stats

  • This quiz has been taken 347 times
    (337 since last reset)
  • The average score is 9 of 17

Answer Stats

How many people killed per year (approx)Answer% Correct
10Shark
90%
660,000-1,000,000Mosquitoes
84%
50,000Snake
84%
30-35Dog
74%
2,000Crocodile
72%
500Elephant
72%
2,900Hippopotamus
70%
5-10Bear
64%
6Spider
63%
100Jellyfish
44%
20Horse
42%
22Cow
39%
5,000Scorpion
30%
UnknownCape Buffalo
29%
130Deer
23%
53Bees
22%
20-50Ants
11%

Score Distribution

Percentile by Number Answered

Percent of People with Each Score

Your Score History

You have not taken this quiz since the last reset